| 000 | 00000nam##2200000za#4500 |
| 001 | 9.652717 |
| 003 | CaOODSP |
| 005 | 20220125145841 |
| 007 | ta |
| 008 | 150407|2013||||xxc||||| f|0| 0 eng|d |
| 020 | |a978-1-100-22506-7 |
| 040 | |aCaOODSP|beng |
| 043 | |an-cn--- |
| 086 | 1 |aD2-322/2013E |
| 110 | 1 |aCanada. |bDepartment of National Defence. |
| 245 | 14|aThe comprehensive approach to operations : |binternational perspectives / |cedited by Dave Woycheshin and Miriam de Graaff. Published for the Canadian Academy Press by 17 Wing Winnipeg Publishing Office. |
| 260 | |aKingston - Ontario : |bNational Defence |cc2013. |
| 300 | |aiii, 165p. : |bfigs., glossary, references, tables, index ; |c21 cm. |
| 563 | |aSoftcover |
| 590 | |a15-13|b2015-03-27 |